MARC details
| 000 -LÍDER |
| campo de controle de tamanho fixo |
01134naa a22003257a 4500 |
| 001 - NÚMERO DE CONTROLE |
| campo de controle |
BR8005128 |
| 003 - IDENTIFICADOR DO NÚMERO DE CONTROLE |
| campo de controle |
BR-BrBNA |
| 005 - DATA E HORÁRIO DA ÚLTIMA TRANSAÇÃO |
| campo de controle |
20240918174646.0 |
| 007 - CAMPO FIXO DE DESCRIÇÃO FÍSICA--INFORMAÇÃO GERAL |
| campo de controle de tamanho fixo |
ta |
| 008 - CAMPO DE DADOS FIXOS--INFORMAÇÃO GERAL |
| campo de controle de tamanho fixo |
230509b bl.||||| |||| 00| 0 por d |
| 040 ## - FONTE DA CATALOGAÇÃO |
| Instituição da catalogação original |
BR-BrBNA |
| Idioma da catalogação |
por |
| Instituição que transcreveu o registro |
Biblioteca Nacional de Agricultura |
| 041 ## - CÓDIGO DE IDIOMA |
| Código do idioma do texto/trilha sonora ou título diferente |
(Es) |
| 072 ## - CÓDIGO DE CATEGORIA DE ASSUNTO |
| Código de Categoria de Assunto |
K10; F25 |
| Código do objeto |
3856 |
| -- |
G516 |
| -- |
GZ72 |
| 090 ## - NÚMERO DE CHAMADA LOCAL |
| Número de chamada |
K10 BR8005128 |
| 100 1# - ENTRADA PRINCIPAL--NOME PESSOAL |
| Nome pessoal |
Moll, W. |
| 100 1# - ENTRADA PRINCIPAL--NOME PESSOAL |
| Nome pessoal |
Schlatter, J.E. |
| 111 1# - ENTRADA PRINCIPAL--NOME DO EVENTO |
| Nome do evento ou lugar |
1. Encontro da IUFRO |
| Local do evento |
Curitiba, PR (Brazil) |
| Data do evento ou assinatura do tratado |
21 Oct 1979 |
| 245 1# - TÍTULO |
| Título |
Metodo de diferenciacion de sitios con aplicacion en la produccion forestal [producao florestal, fertilidade do solo, humus, PH, floresta, Chile] |
| 260 3# - PUBLICAÇÃO, DISTRIBUIÇÃO, ETC. |
| Local de publicação, distribuição, etc. |
Curitiba, PR (Brasil): |
| Data da publicação, distribuição, etc. |
1980. |
| 500 ## - NOTA GERAL |
| Nota geral |
Problemas Florestais do Genero Araucaria<br/>Curitiba, PR (Brasil): 1980. p. 145-148<br/>(BR8005128-AM)K10<br/> |
| 650 ## - ASSUNTO--TERMO TÓPICO |
| Cabeçalho tópico ou nome geográfico |
HUMUS |
| 650 ## - ASSUNTO--TERMO TÓPICO |
| Cabeçalho tópico ou nome geográfico |
FLORESTA |
| 650 ## - ASSUNTO--TERMO TÓPICO |
| Cabeçalho tópico ou nome geográfico |
ANALISE DO SOLO |
| 650 ## - ASSUNTO--TERMO TÓPICO |
| Cabeçalho tópico ou nome geográfico |
PH |
| 650 ## - ASSUNTO--TERMO TÓPICO |
| Cabeçalho tópico ou nome geográfico |
SOLO |
| 650 ## - ASSUNTO--TERMO TÓPICO |
| Cabeçalho tópico ou nome geográfico |
CHILE |
| 773 0# - ENTRADA ANALÍTICA |
| Título |
Problemas Florestais do Genero Araucaria |
| Número de controle do registro |
K10 BR8005128 |
| Partes relacionadas |
Curitiba, PR (Brasil), 1980. p. 145-148 |
| 909 ## - |
| -- |
202404 |
| -- |
Lucia |
| -- |
55 |
| -- |
Lucia Elande |
| 942 ## - ELEMENTOS DE ENTRADA ADICIONADOS (KOHA) |
| Tipo de material Koha |
Capítulo-Livro |
| Fonte da classificação ou esquema de arquivamento na estante |
Classificação AGRIS |